| 000 | 00810nam a2200217 a 4500 | ||
|---|---|---|---|
| 001 | 1614776 | ||
| 003 | AM-YEHGA | ||
| 005 | 20250617163512.0 | ||
| 008 | 190606s1961 ru d||||r|||| 00| 0 rus|| | ||
| 040 | _aAM-YeHGA | ||
| 041 | 0 | _arus | |
| 100 | 1 | _aБородулин, Евгений Григорьевич | |
| 245 | 1 | 0 |
_aПрогрессивные методы производства поковок / _cЕ.Г. Бородулин, Б.Ф. Трахтенберг. |
| 260 |
_aКуйбышев : _bКн. изд-во, _c1961. |
||
| 300 |
_a224 с. : _bил. ; _c23 см. |
||
| 504 | _aБиблиогр.: с. 220-222 (61 назв.) | ||
| 650 | 1 | 4 | _aКузнечное производство |
| 700 | 1 | _aТрахтенберг, Борис Фридрихович | |
| 942 |
_2udc _cBK |
||
| 090 | _c511120 | ||
| 999 |
_c507692 _d507692 |
||